|
|
|
|
| LEADER |
00000cam a2200000 a 4500 |
| 001 |
vtls011534017 |
| 003 |
SK-MaSNL |
| 005 |
20260301093635.0 |
| 008 |
240318s2015 xo o g 000 0 slo |
| 015 |
|
|
|a SNBA2016/05
|
| 020 |
|
|
|a 9788081541483
|q (viaz.)
|
| 035 |
|
|
|a 05731023-BE43-41D1-BA89-7E43C8B83CAC
|
| 035 |
|
|
|a urn:nbn:sk:snk-amlldc
|
| 035 |
|
|
|a urn:nbn:sk:snk-am00bej8
|
| 040 |
|
|
|a SNK
|b slo
|c SNK
|e AACR2
|
| 041 |
0 |
|
|a slo
|
| 044 |
|
|
|a xo
|c SK
|
| 072 |
|
7 |
|a 641
|x Kuchárstvo. Potraviny. Varené jedlá
|2 konspekt
|
| 080 |
|
|
|a 641.55:637.5
|2 2011
|
| 080 |
|
|
|a 637.5:636.39
|2 2011
|
| 080 |
|
|
|a (083.12)
|2 2011
|
| 080 |
|
|
|a 637.5:636.32/.38
|2 2011
|
| 080 |
|
|
|a 637.5:636.2
|2 2011
|
| 100 |
1 |
|
|a Jesenská-Horecká, Lucia
|4 aut
|9 426298
|
| 245 |
1 |
0 |
|a Kuchárska kniha
|b kozľacie, jahňacie a teľacie mäso : dobré recepty
|c Lucia Jesenská-Horecká ; [fotografie: Michal Horecký]
|
| 260 |
|
|
|a Žilina
|b Georg
|c [2015]
|
| 300 |
|
|
|a 88 s., [8] s. fotogr. príl.
|b fareb. fotogr.
|c 21 cm
|
| 650 |
0 |
7 |
|a mäsové jedlá
|2 SNKPH
|9 4078
|
| 650 |
0 |
7 |
|a kozľacie mäso
|2 SNKPH
|9 56178
|
| 650 |
0 |
7 |
|a jahňacie mäso
|2 SNKPH
|9 118304
|
| 650 |
0 |
7 |
|a teľacie mäso
|2 SNKPH
|9 167258
|
| 650 |
0 |
7 |
|a Cookery (meet)
|2 SNKPHeng
|9 339670
|
| 650 |
0 |
7 |
|a Goat meat
|2 SNKPHeng
|9 426299
|
| 650 |
0 |
7 |
|a Veal meat
|2 SNKPHeng
|9 426300
|
| 650 |
0 |
7 |
|a Lamb meat
|2 SNKPHeng
|9 426301
|
| 655 |
|
7 |
|a kuchárske recepty
|2 SNKPH
|9 70493
|
| 655 |
|
7 |
|a Cookbooks
|2 SNKPHeng
|9 270340
|
| 700 |
1 |
|
|a Horecký, Michal,
|d 1949-2018
|4 pht
|9 180290
|
| 852 |
|
|
|a Štátna vedecká knižnica v Banskej Bystrici
|
| 919 |
|
|
|a 978-80-8154-148-3
|
| 999 |
|
|
|c 677679
|d 679609
|
| 952 |
|
|
|a SNK
|b SNK
|y PREZ
|7 0
|p 17A1193533
|o snkSC 169412
|i snk2016/10458
|8 0
|0 0
|1 0
|4 0
|d 2016-04-22
|f 1
|l 0
|r 2026-02-23 19:46:57
|w 2026-02-23
|
| 952 |
|
|
|a SNK
|b SNK
|y VYP
|7 0
|p 17A1126119
|o snkSC 169412 D1
|i snk2018/14994
|8 1
|0 0
|1 0
|4 0
|d 2018-07-18
|l 0
|r 2026-02-23 19:46:57
|w 2026-02-23
|